01139 a2200229 45000010006000000050017000060080041000230030015000640400040000790800044001192450082001630200022002452640033002673000019003005050395003190410008007149420007007225900036007291000023007659990015007889520106008036293220260407155923.0260407a2005 arg spa dAR-UNSa-BCEJYS aAR-UNSa-BCEJYSbspacAR-UNSa-BCEJYS a343.9xCriminología. Criminalística10aDelitos de los débiles y de los poderosospEjercicios de anticriminología a978-950-894-484-9 1aBuenos Aires :bAD-HOCc2005 a232 p.c23 cm. a1. Un modelo Fordista de la actividad criminal - 2. Bazar urbano y barricadas – 3. Culturas ilegales privadas de economías ilegales – 4. Criminalidad “Just in time” – 5. Proveedores de servicios y criminales – 6. Intercambio corrupto: ¿delitos sin víctimas? – 7. La corrupción como resentimiento – 8. La criminalidad político-administrativa como sentido del estado. aspa cBK aniveau_biblio:m niveau_hierar:01 aRuggiero, Vincenzo c7879d7879 00104070aBCEJYSbBCEJYSc16d2026-04-07l0o343.9 R931pL87325r2026-04-07 15:59:23w2026-04-07yL